[Event "España ch Universitario 2007"]
[Site "Cartagena ESP"]
[Date "2007.05.07"]
[Round "2.7"]
[White "Gonzalez Menendez, Ivan"]
[Black "Burguete Archel, Eduardo"]
[Result "0-1"]
[WhiteElo "2401"]
[BlackElo "2161"]
[PlyCount "50"]
[EventDate "2007.05.06"]
[EventType "swiss"]
[EventRounds "9"]
[EventCountry "ESP"]
[Source "lmi"]
[SourceDate "2007.05.06"]

1. e4 e5 2. Nf3 Nc6 3. Nc3 Nf6 4. d4 exd4 5. Nxd4 Bc5 6. Nxc6 bxc6 7. Bd3 d6 8.
Bg5 h6 9. Bh4 g5 10. Bg3 Rb8 11. Na4 Bb6 12. O-O h5 13. h4 Ng4 14. hxg5 Qxg5
15. Qf3 Bd4 16. Bc4 Qg7 17. e5 Bxe5 18. Qxc6+ Bd7 19. Qe4 O-O 20. Bxe5 Qxe5 21.
Qg6+ Qg7 22. Qxh5 Bxa4 23. Rad1 Bd7 24. Be2 Rb4 25. Qa5 Qe5 0-1

[Event "España ch Universitario 2007"]
[Site "Cartagena ESP"]
[Date "2007.05.07"]
[Round "2.8"]
[White "Almagro Llamas, Pablo"]
[Black "Ibarra Jerez, Juan Miguel"]
[Result "1-0"]
[WhiteElo "2394"]
[BlackElo "2152"]
[PlyCount "73"]
[EventDate "2007.05.06"]
[EventType "swiss"]
[EventRounds "9"]
[EventCountry "ESP"]
[Source "lmi"]
[SourceDate "2007.05.06"]

1. e4 c5 2. Nf3 d6 3. d4 cxd4 4. Nxd4 Nf6 5. Nc3 a6 6. Be3 Ng4 7. Bc1 Nf6 8. f3
e6 9. Be3 b5 10. Qd2 Nbd7 11. g4 h6 12. h4 b4 13. Na4 d5 14. O-O-O Qa5 15. b3
dxe4 16. Bg2 Nd5 17. fxe4 Nxe3 18. Qxe3 Ne5 19. Kb1 Bd7 20. Nb2 g6 21. h5 g5
22. Nf5 exf5 23. exf5 O-O-O 24. Qa7 Nc6 25. Qa8+ Kc7 26. Rxd7+ Rxd7 27. Qxc6+
Kd8 28. Qf6+ Be7 29. Qxh8+ Kc7 30. Nc4 Qc5 31. Qe5+ Qxe5 32. Nxe5 Rd2 33. Bf3
Bf6 34. Nxf7 a5 35. Nxh6 a4 36. bxa4 b3 37. axb3 1-0

[Event "España ch Universitario 2007"]
[Site "Cartagena ESP"]
[Date "2007.05.07"]
[Round "2.9"]
[White "Ivanovich Balsinde, Nicholas"]
[Black "Garcia Castro, Pablo"]
[Result "0-1"]
[WhiteElo "2151"]
[BlackElo "2379"]
[PlyCount "54"]
[EventDate "2007.05.06"]
[EventType "swiss"]
[EventRounds "9"]
[EventCountry "ESP"]
[Source "lmi"]
[SourceDate "2007.05.06"]

1. e4 d6 2. d4 Nf6 3. Nc3 Nbd7 4. Nf3 e5 5. Be2 Be7 6. O-O O-O 7. Re1 c6 8. h3
b5 9. Bd3 Bb7 10. Qe2 Re8 11. dxe5 dxe5 12. Bg5 Qc7 13. Rad1 Nf8 14. Nh4 Ne6
15. Bxf6 Bxf6 16. Nf5 g6 17. Ne3 Bg5 18. Qf3 h5 19. Qg3 Qe7 20. Nf5 gxf5 21.
exf5 Ng7 22. f6 Bxf6 23. Ne4 Rad8 24. Qf3 Bg5 25. Ng3 c5 26. Be4 Bxe4 27. Qxe4
h4 0-1

[Event "España ch Universitario 2007"]
[Site "Cartagena ESP"]
[Date "2007.05.07"]
[Round "2.10"]
[White "Andres Gonzalez, Ivan"]
[Black "Lorente Peñalva, Diego"]
[Result "1-0"]
[WhiteElo "2372"]
[BlackElo "2149"]
[PlyCount "47"]
[EventDate "2007.05.06"]
[EventType "swiss"]
[EventRounds "9"]
[EventCountry "ESP"]
[Source "lmi"]
[SourceDate "2007.05.06"]

1. Nf3 d5 2. g3 c5 3. c4 e6 4. Bg2 Nf6 5. O-O Be7 6. d4 b6 7. Nc3 Bb7 8. dxc5
Bxc5 9. Ne5 Nbd7 10. Qa4 Bd4 11. cxd5 Bxe5 12. dxe6 O-O 13. Bxb7 Nc5 14. Qa3
Bd6 15. Bxa8 Qxa8 16. Nb5 Nfe4 17. Nxd6 Nxd6 18. Bf4 Nb5 19. Qb4 Qc6 20. a4 Nc7
21. Bxc7 Qxc7 22. Qc4 Qb7 23. exf7+ Kh8 24. Rad1 1-0

[Event "España ch Universitario 2007"]
[Site "Cartagena ESP"]
[Date "2007.05.07"]
[Round "2.11"]
[White "Cardona Cervera, Joaquin"]
[Black "Antoli Royo, Joaquin Miguel"]
[Result "0-1"]
[WhiteElo "2148"]
[BlackElo "2356"]
[PlyCount "86"]
[EventDate "2007.05.06"]
[EventType "swiss"]
[EventRounds "9"]
[EventCountry "ESP"]
[Source "lmi"]
[SourceDate "2007.05.06"]

1. e4 c5 2. Nf3 Nc6 3. d4 cxd4 4. Nxd4 Qc7 5. Nc3 e6 6. Be2 a6 7. O-O b5 8.
Nxc6 dxc6 9. f4 e5 10. fxe5 Bc5+ 11. Kh1 Ne7 12. Bg4 O-O 13. Bxc8 Qxc8 14. Qh5
Qe6 15. Rf3 Bd4 16. Ne2 Qxe5 17. Qg4 Bxb2 18. Bxb2 Qxb2 19. Raf1 Rad8 20. Nf4
Qxa2 21. e5 Qc4 22. Qg5 Ng6 23. Nh5 Qe2 24. Rf5 Rd1 25. Ng3 Rxf1+ 26. Rxf1 Qxe5
27. Qg4 a5 28. h4 Qe6 29. Qg5 h6 30. Qh5 a4 31. Nf5 a3 32. Qg4 h5 33. Qxh5 Qe5
34. Qg5 a2 35. Qc1 Ra8 36. Qa1 Qxa1 37. Rxa1 c5 38. Nd6 b4 39. Nc4 f6 40. Nb2
Ne5 41. Kg1 c4 42. Kf2 c3 43. Nd1 b3 0-1

[Event "España ch Universitario 2007"]
[Site "Cartagena ESP"]
[Date "2007.05.07"]
[Round "2.12"]
[White "Garrido Dominguez, Jesus"]
[Black "Mengual Bolo, Carlos"]
[Result "1-0"]
[WhiteElo "2347"]
[BlackElo "2145"]
[PlyCount "55"]
[EventDate "2007.05.06"]
[EventType "swiss"]
[EventRounds "9"]
[EventCountry "ESP"]
[Source "lmi"]
[SourceDate "2007.05.06"]

1. e4 c5 2. Nf3 d6 3. d4 cxd4 4. Nxd4 Nf6 5. Nc3 g6 6. g3 Nc6 7. Bg2 Qb6 8. Nb3
Bg7 9. O-O Bg4 10. Nd5 Nxd5 11. Qxg4 Nf6 12. Qe2 O-O 13. Be3 Qc7 14. f4 Rac8
15. c3 a6 16. a4 Na5 17. Nxa5 Qxa5 18. h3 Qc7 19. a5 Nd7 20. Kh2 f5 21. Bg1 Nc5
22. exf5 Rxf5 23. b4 Nd7 24. Qxe7 d5 25. Bxd5+ Rxd5 26. Qe6+ Kh8 27. Qxd5 Nf6
28. Qf3 1-0

[Event "España ch Universitario 2007"]
[Site "Cartagena ESP"]
[Date "2007.05.07"]
[Round "2.13"]
[White "Peña Gomez, Manuel"]
[Black "Sarralde Osua, Rodrigo"]
[Result "1/2-1/2"]
[WhiteElo "2331"]
[BlackElo "2139"]
[PlyCount "114"]
[EventDate "2007.05.06"]
[EventType "swiss"]
[EventRounds "9"]
[EventCountry "ESP"]
[Source "lmi"]
[SourceDate "2007.05.06"]

1. c4 e5 2. a3 Nf6 3. d3 d5 4. cxd5 Nxd5 5. Nf3 Nc6 6. e4 Nf6 7. Be2 a5 8. O-O
Bc5 9. Qc2 Qe7 10. Nbd2 O-O 11. b3 Bg4 12. Bb2 Rfd8 13. Rfc1 Bb6 14. h3 Bxf3
15. Nxf3 Rac8 16. Rab1 Nd4 17. Bxd4 Bxd4 18. Nxd4 exd4 19. Qc5 Qxc5 20. Rxc5 b6
21. Rc6 Rd6 22. Rbc1 Rxc6 23. Rxc6 Kf8 24. g4 Ke7 25. g5 Ne8 26. Bg4 Rd8 27. e5
Rd5 28. f4 Rc5 29. Rxc5 bxc5 30. f5 f6 31. exf6+ gxf6 32. h4 Kd6 33. Kf2 Ke5
34. Kg3 Ng7 35. gxf6 Kxf6 36. Kf4 Ne8 37. Ke4 c6 38. Kf4 Nd6 39. h5 Nf7 40. Bf3
Ne5 41. Be4 h6 42. a4 c4 43. dxc4 c5 44. Bb1 d3 45. Ke4 d2 46. Bc2 Ng4 47. Kd3
d1=Q+ 48. Bxd1 Nf2+ 49. Ke2 Nxd1 50. Kxd1 Kxf5 51. Kd2 Kf4 52. Kd3 Kf5 53. Ke3
Ke5 54. Ke2 Ke4 55. Kd2 Kd4 56. Kc2 Ke4 57. Kc3 Ke5 1/2-1/2

[Event "España ch Universitario 2007"]
[Site "Cartagena ESP"]
[Date "2007.05.07"]
[Round "2.14"]
[White "Massanet Massanet, Sebastian"]
[Black "Gonzalez Somoza, Oliver"]
[Result "0-1"]
[WhiteElo "2140"]
[BlackElo "2309"]
[PlyCount "148"]
[EventDate "2007.05.06"]
[EventType "swiss"]
[EventRounds "9"]
[EventCountry "ESP"]
[Source "lmi"]
[SourceDate "2007.05.06"]

1. d4 d5 2. Nf3 c6 3. g3 f5 4. Bg2 Nf6 5. O-O e6 6. c4 Bd6 7. b3 O-O 8. Ba3 Ne4
9. Bxd6 Nxd6 10. Qd3 Nd7 11. Nc3 b6 12. Nd2 Ba6 13. f3 dxc4 14. bxc4 e5 15. e4
c5 16. d5 f4 17. Bh3 fxg3 18. hxg3 Qe7 19. f4 Rad8 20. Rf3 g5 21. Bxd7 Rxd7 22.
f5 g4 23. Rf2 Qg5 24. Raf1 Rdf7 25. Nb5 Bxb5 26. cxb5 h5 27. Rh2 Rh7 28. Rh4
Rf6 29. Kg2 Kf8 30. a4 Rc7 31. Rfh1 c4 32. Qc3 Rh7 33. Re1 Rc7 34. Re2 Rc8 35.
Qxe5 c3 36. Nb3 c2 37. Rh1 Re8 38. Rxh5 Rxe5 39. Rxg5 Rxe4 40. Rxc2 Rxa4 41.
Nc1 Nxf5 42. Rc8+ Ke7 43. Rc7+ Kd8 44. Rc3 Rb4 45. Kg1 Rxb5 46. Rxg4 Rxd5 47.
Rgc4 Nd6 48. Rh4 Rf7 49. Nd3 Nb5 50. Rb3 Nd4 51. Rh8+ Ke7 52. Nf4 Nxb3 53.
Nxd5+ Kd6 54. Nf4 a5 55. Rh6+ Kc5 56. Nd3+ Kb5 57. Rh5+ Ka6 58. Ne5 Rg7 59. Kf2
a4 60. Nd3 b5 61. Nb4+ Ka5 62. Nc6+ Kb6 63. Nb4 a3 64. Na2 Rc7 65. Ke3 Nc1 66.
Rh2 Nxa2 67. Rxa2 b4 68. g4 Kb5 69. g5 Ka4 70. Rd2 b3 71. Rd4+ Kb5 72. Rd5+ Kc6
73. Rd3 b2 74. Rc3+ Kd7 0-1

[Event "España ch Universitario 2007"]
[Site "Cartagena ESP"]
[Date "2007.05.07"]
[Round "2.15"]
[White "Camacho Collados, Jose"]
[Black "Pita-Romero Rodriguez, Rafael"]
[Result "1-0"]
[WhiteElo "2308"]
[BlackElo "2135"]
[PlyCount "47"]
[EventDate "2007.05.06"]
[EventType "swiss"]
[EventRounds "9"]
[EventCountry "ESP"]
[Source "lmi"]
[SourceDate "2007.05.06"]

1. e4 e5 2. Nf3 Nc6 3. Bb5 a6 4. Bxc6 dxc6 5. O-O Bg4 6. h3 h5 7. d3 Qf6 8.
Nbd2 Bc5 9. Nc4 Bxf3 10. Qxf3 Qxf3 11. gxf3 f6 12. f4 b5 13. Na5 Ne7 14. Kh2
exf4 15. Bxf4 g5 16. Bxc7 Kd7 17. Nb3 Bb4 18. a3 Kxc7 19. axb4 Ng6 20. Nc5 Kb6
21. Nd7+ Kc7 22. Nc5 Kb6 23. Ra3 a5 24. Rfa1 1-0

[Event "España ch Universitario 2007"]
[Site "Cartagena ESP"]
[Date "2007.05.07"]
[Round "2.16"]
[White "Salas Romero, Santiago"]
[Black "Pallardo Lozoya, Jose Vicente"]
[Result "1-0"]
[WhiteElo "2136"]
[BlackElo "2304"]
[PlyCount "96"]
[EventDate "2007.05.06"]
[EventType "swiss"]
[EventRounds "9"]
[EventCountry "ESP"]
[Source "lmi"]
[SourceDate "2007.05.06"]

1. Nf3 g6 2. c4 Bg7 3. e4 d6 4. d4 Nd7 5. Be2 e5 6. O-O Ne7 7. Nc3 O-O 8. d5 a5
9. Be3 h6 10. Nd2 f5 11. f3 f4 12. Bf2 g5 13. a3 Rf7 14. b4 Bf8 15. c5 Ng6 16.
c6 Nf6 17. cxb7 Bxb7 18. bxa5 Rxa5 19. Qb3 Bc8 20. Qb8 Nd7 21. Qb4 Ra8 22. Bb5
h5 23. Bc6 Rb8 24. Nb5 Nc5 25. Qa5 g4 26. Bxc5 dxc5 27. d6 Bxd6 28. Bd5 g3 29.
hxg3 fxg3 30. Rfe1 Nf4 31. Bxf7+ Kxf7 32. Nf1 Rxb5 33. Qxb5 h4 34. Rad1 Bd7 35.
Rxd6 cxd6 36. Qb7 Ke6 37. Rd1 Qa5 38. Qb8 Ne2+ 39. Kh1 Nd4 40. Qg8+ Ke7 41. Ne3
Be6 42. Qg7+ Kd8 43. Rb1 Qc7 44. Qf8+ Kd7 45. Nd5 Bxd5 46. exd5 Nc6 47. dxc6+
Kxc6 48. Qa8+ Kd7 1-0

[Event "España ch Universitario 2007"]
[Site "Cartagena ESP"]
[Date "2007.05.07"]
[Round "2.17"]
[White "Lopez Del Alamo, Antonio"]
[Black "Carreras Solana, Fernando"]
[Result "1-0"]
[WhiteElo "2289"]
[BlackElo "2132"]
[PlyCount "61"]
[EventDate "2007.05.06"]
[EventType "swiss"]
[EventRounds "9"]
[EventCountry "ESP"]
[Source "lmi"]
[SourceDate "2007.05.06"]

1. e4 d5 2. exd5 Qxd5 3. Nc3 Qd8 4. d4 c6 5. Ne4 Nd7 6. Qe2 e6 7. Nf3 Ngf6 8.
g3 Be7 9. Bg2 O-O 10. O-O b6 11. Ne5 Bb7 12. Nxf6+ Bxf6 13. Nxc6 Bxc6 14. Bxc6
Rc8 15. Bb5 Nb8 16. c3 Qd5 17. Bd3 Rfd8 18. Bf4 Nc6 19. Rfe1 Ne7 20. Rad1 Ng6
21. Bd2 Rc7 22. Be4 Qa5 23. h4 b5 24. h5 Ne7 25. a3 Qb6 26. Qf3 Rcd7 27. h6 a5
28. Kg2 b4 29. axb4 axb4 30. hxg7 Bxg7 31. Bxh7+ 1-0

[Event "España ch Universitario 2007"]
[Site "Cartagena ESP"]
[Date "2007.05.07"]
[Round "2.18"]
[White "Ruiz Maraña, Alejandro"]
[Black "Rabadan Velasco, Raul"]
[Result "1/2-1/2"]
[WhiteElo "2134"]
[BlackElo "2281"]
[PlyCount "57"]
[EventDate "2007.05.06"]
[EventType "swiss"]
[EventRounds "9"]
[EventCountry "ESP"]
[Source "lmi"]
[SourceDate "2007.05.06"]

1. e4 c5 2. Nc3 d6 3. g3 g6 4. Bg2 Bg7 5. d3 Nc6 6. Be3 Rb8 7. Nge2 b5 8. Qd2
b4 9. Nd1 a5 10. O-O a4 11. c3 a3 12. bxa3 bxc3 13. Ndxc3 Nd4 14. Rab1 Bd7 15.
f4 Rxb1 16. Rxb1 Nh6 17. Kh1 Ng4 18. Bg1 h5 19. Nxd4 Bxd4 20. Ne2 Bxg1 21. Kxg1
O-O 22. h3 Nf6 23. d4 Qa8 24. e5 Ne4 25. Qd3 Bc6 26. Rb6 Bd5 27. dxc5 dxc5 28.
Nc3 Nxc3 29. Rxg6+ 1/2-1/2

[Event "España ch Universitario 2007"]
[Site "Cartagena ESP"]
[Date "2007.05.07"]
[Round "2.19"]
[White "Alcazar Jimenez, Jesus Alberto"]
[Black "Vilanova Corbi, Jorge"]
[Result "1-0"]
[WhiteElo "2274"]
[BlackElo "2125"]
[PlyCount "109"]
[EventDate "2007.05.06"]
[EventType "swiss"]
[EventRounds "9"]
[EventCountry "ESP"]
[Source "lmi"]
[SourceDate "2007.05.06"]

1. e4 e6 2. d4 d5 3. exd5 exd5 4. Nf3 Nf6 5. Bd3 Be7 6. O-O Bg4 7. c4 dxc4 8.
Bxc4 O-O 9. h3 Bxf3 10. Qxf3 Nc6 11. Nc3 Qxd4 12. Bb5 Bd6 13. Bxc6 bxc6 14.
Qxc6 Qe5 15. g3 Qf5 16. Kg2 Rab8 17. b3 h5 18. Be3 a5 19. Rad1 h4 20. Qf3 Qxf3+
21. Kxf3 hxg3 22. fxg3 Rfe8 23. Bd4 Nd7 24. Rfe1 Ne5+ 25. Kg2 Nc6 26. Bf2 Rxe1
27. Rxe1 Bb4 28. Rc1 Bxc3 29. Rxc3 Nb4 30. a3 Nd5 31. Rc5 c6 32. Rxc6 Rxb3 33.
Rc8+ Kh7 34. Rc5 Ne3+ 35. Bxe3 Rxe3 36. Rxa5 Re2+ 37. Kf3 Ra2 38. Ra7 Kg6 39.
h4 f6 40. a4 Ra3+ 41. Kf4 Ra1 42. a5 Ra4+ 43. Kf3 Ra3+ 44. Kg4 Ra4+ 45. Kh3 Ra3
46. a6 Ra5 47. Ra8 Ra3 48. a7 Kf5 49. h5 Kg5 50. h6 Kg6 51. Kg4 Ra4+ 52. Kf3
Kh7 53. hxg7 Kxg7 54. g4 Kf7 55. Rh8 1-0

[Event "España ch Universitario 2007"]
[Site "Cartagena ESP"]
[Date "2007.05.07"]
[Round "2.20"]
[White "Jimenez Lopez, Antonio"]
[Black "Claros Egea, Christian"]
[Result "1-0"]
[WhiteElo "2131"]
[BlackElo "2273"]
[PlyCount "66"]
[EventDate "2007.05.06"]
[EventType "swiss"]
[EventRounds "9"]
[EventCountry "ESP"]
[Source "lmi"]
[SourceDate "2007.05.06"]

1. e4 c5 2. Nf3 d6 3. c3 Nf6 4. h3 Nbd7 5. Bd3 g6 6. O-O Bg7 7. Bc2 Qc7 8. Re1
O-O 9. d4 e5 10. dxe5 dxe5 11. Nbd2 Rd8 12. Qe2 Nf8 13. Nc4 Nh5 14. Qf1 h6 15.
g3 Be6 16. Ne3 c4 17. Kh2 Nd7 18. Nh4 Nb6 19. Neg2 Qc8 20. Ne3 Qd7 21. a4 a5
22. Bd1 Nf6 23. Qg2 Qc6 24. Nf1 Nfd7 25. Be3 Nc5 26. Bxc5 Qxc5 27. f4 exf4 28.
gxf4 Qc7 29. Qf2 g5 30. Nf5 gxf4 31. Qg1 Bxf5 32. exf5 Qc6 33. Bf3 Qf6 1-0

[Event "España ch Universitario 2007"]
[Site "Cartagena ESP"]
[Date "2007.05.07"]
[Round "2.21"]
[White "Rada Equiza, Miguel"]
[Black "Perez Mauricio, Xoel"]
[Result "0-1"]
[WhiteElo "2261"]
[BlackElo "2120"]
[PlyCount "58"]
[EventDate "2007.05.06"]
[EventType "swiss"]
[EventRounds "9"]
[EventCountry "ESP"]
[Source "lmi"]
[SourceDate "2007.05.06"]

1. e4 d6 2. Nc3 Nf6 3. g3 g6 4. Bg2 Bg7 5. Nge2 c6 6. a4 a5 7. O-O O-O 8. d4 e5
9. h3 Na6 10. Be3 exd4 11. Bxd4 Re8 12. g4 Be6 13. Ng3 d5 14. e5 Nd7 15. f4
Ndc5 16. f5 Bc8 17. f6 Bf8 18. h4 Ne6 19. Kh1 Qc7 20. Re1 Nb4 21. Rc1 b6 22. h5
Bh6 23. Nf5 gxf5 24. gxf5 Nxd4 25. Qxd4 Bxf5 26. Bh3 Bxh3 27. Rg1+ Kh8 28. Rg3
Bxc1 29. Rxh3 Qxe5 0-1

[Event "España ch Universitario 2007"]
[Site "Cartagena ESP"]
[Date "2007.05.07"]
[Round "2.22"]
[White "Pavon Cardenas, Jesus M"]
[Black "Serna Lara, Sergio"]
[Result "1/2-1/2"]
[WhiteElo "2122"]
[BlackElo "2251"]
[PlyCount "32"]
[EventDate "2007.05.06"]
[EventType "swiss"]
[EventRounds "9"]
[EventCountry "ESP"]
[Source "lmi"]
[SourceDate "2007.05.06"]

1. e4 e6 2. d4 d5 3. e5 c5 4. c3 Qb6 5. Nf3 Nc6 6. a3 Nh6 7. b4 cxd4 8. cxd4
Nf5 9. Be3 f6 10. b5 Nxe5 11. dxe5 Nxe3 12. fxe3 Qxe3+ 13. Qe2 Qc1+ 14. Qd1
Qe3+ 15. Qe2 Qc1+ 16. Qd1 Qe3+ 1/2-1/2

[Event "España ch Universitario 2007"]
[Site "Cartagena ESP"]
[Date "2007.05.07"]
[Round "2.23"]
[White "Cortes Lizano, Jesus"]
[Black "Pascual Palomo, Lucia"]
[Result "1/2-1/2"]
[WhiteElo "2247"]
[BlackElo "2112"]
[PlyCount "98"]
[EventDate "2007.05.06"]
[EventType "swiss"]
[EventRounds "9"]
[EventCountry "ESP"]
[Source "lmi"]
[SourceDate "2007.05.06"]

1. c4 e6 2. Nf3 f5 3. e3 Nf6 4. b3 b6 5. Be2 Bb7 6. O-O Be7 7. Bb2 O-O 8. Nc3
Ne4 9. d3 Nxc3 10. Bxc3 Bf6 11. d4 c5 12. Rc1 d6 13. Qd2 Nd7 14. Rfd1 Be7 15.
b4 cxb4 16. Bxb4 Nf6 17. Ng5 Qd7 18. Qb2 h6 19. Nf3 Qe8 20. c5 dxc5 21. dxc5
bxc5 22. Bxc5 Bd5 23. Ne5 Bxc5 24. Rxc5 Qa4 25. Ng6 Rfb8 26. Qe5 Re8 27. Rc7
Qxa2 28. Bf1 Qa3 29. Ra1 Qb4 30. Raxa7 Rxa7 31. Rxa7 Qb8 32. Qa1 Qd6 33. Ra6
Qc5 34. Nf4 Bc4 35. Qc3 Rc8 36. Qxc4 Qxc4 37. Bxc4 Rxc4 38. g3 e5 39. Ng6 Kh7
40. Nxe5 Rc1+ 41. Kg2 Rc2 42. Nd3 Rd2 43. Ra3 Ne4 44. h3 Kg6 45. g4 Kf6 46.
gxf5 Kxf5 47. Ra5+ Kf6 48. Ra4 Kf5 49. Ra3 Kf6 1/2-1/2

[Event "España ch Universitario 2007"]
[Site "Cartagena ESP"]
[Date "2007.05.07"]
[Round "2.24"]
[White "Rodriguez Fontecha, Marcos"]
[Black "Deruelle Sala, Albert"]
[Result "1-0"]
[WhiteElo "2241"]
[BlackElo "2109"]
[PlyCount "73"]
[EventDate "2007.05.06"]
[EventType "swiss"]
[EventRounds "9"]
[EventCountry "ESP"]
[Source "lmi"]
[SourceDate "2007.05.06"]

1. d4 Nf6 2. Nf3 c5 3. c3 g6 4. Bf4 Bg7 5. e3 O-O 6. Bd3 d6 7. O-O Bg4 8. h3
Bxf3 9. Qxf3 Nbd7 10. Nd2 e5 11. dxe5 Nxe5 12. Bxe5 dxe5 13. e4 Qc7 14. a4 Rfd8
15. Nc4 b6 16. Rfe1 a6 17. Qe2 b5 18. Ne3 c4 19. Bc2 Bf8 20. Qf3 Be7 21. Nd5
Nxd5 22. exd5 Bd6 23. Qf6 Rab8 24. axb5 axb5 25. Ra6 Rb7 26. f4 exf4 27. Rxd6
Qxd6 28. Re8+ Rxe8 29. Qxd6 Re1+ 30. Kh2 f3 31. Qc5 Rbe7 32. gxf3 R7e2+ 33. Kg3
Rxc2 34. Qd4 Ree2 35. d6 Rg2+ 36. Kf4 Rcd2 37. d7 1-0

[Event "España ch Universitario 2007"]
[Site "Cartagena ESP"]
[Date "2007.05.07"]
[Round "2.25"]
[White "Gonzalez Diez, Ruben"]
[Black "Pons Carreras, David"]
[Result "0-1"]
[WhiteElo "2115"]
[BlackElo "2240"]
[PlyCount "100"]
[EventDate "2007.05.06"]
[EventType "swiss"]
[EventRounds "9"]
[EventCountry "ESP"]
[Source "lmi"]
[SourceDate "2007.05.06"]

1. d4 Nf6 2. Nf3 e6 3. Bg5 c5 4. c3 d5 5. e3 Be7 6. Nbd2 Nbd7 7. Bd3 b6 8. O-O
Bb7 9. Ne5 Nxe5 10. dxe5 Nd7 11. Bxe7 Qxe7 12. f4 O-O-O 13. Qa4 Kb8 14. b4 f6
15. exf6 Qxf6 16. bxc5 Qxc3 17. cxb6 Nxb6 18. Qc2 Qxc2 19. Bxc2 Rc8 20. Bb3 Rc3
21. Kf2 a5 22. Rfb1 Ka7 23. Bd1 Ba6 24. Nf3 Rhc8 25. Nd4 Nc4 26. Be2 Nxe3 27.
Bxa6 Kxa6 28. Nb5 Ng4+ 29. Ke2 Rc2+ 30. Kf3 h5 31. h3 Nf6 32. a4 Ne4 33. Re1 h4
34. Rad1 Rf2+ 35. Ke3 Rxg2 36. Rg1 Rg3+ 37. Kd4 Rc4+ 38. Ke5 Nf2 39. Rxg3 hxg3
40. Rg1 Nxh3 41. Rxg3 Nxf4 42. Rxg7 Rxa4 43. Nc7+ Kb6 44. Kd6 Rc4 45. Na8+ Ka6
46. Nc7+ Kb6 47. Na8+ Kb5 48. Rb7+ Ka6 49. Rb1 Rb4 50. Ra1 a4 0-1

[Event "España ch Universitario 2007"]
[Site "Cartagena ESP"]
[Date "2007.05.07"]
[Round "2.26"]
[White "Lopez Rodriguez, Walter"]
[Black "Dougan Maho, Harold"]
[Result "1-0"]
[WhiteElo "2111"]
[BlackElo "2232"]
[PlyCount "109"]
[EventDate "2007.05.06"]
[EventType "swiss"]
[EventRounds "9"]
[EventCountry "ESP"]
[Source "lmi"]
[SourceDate "2007.05.06"]

1. Nf3 d6 2. d4 c6 3. g3 Nf6 4. Bg2 g6 5. Nc3 Bg7 6. a4 b6 7. e4 Ba6 8. b4 d5
9. e5 Nfd7 10. b5 Bb7 11. bxc6 Bxc6 12. O-O O-O 13. Re1 e6 14. Bg5 Qc8 15. Qd2
Re8 16. Bh6 Nf8 17. Bxg7 Kxg7 18. Bf1 Nbd7 19. Nb5 Bxb5 20. axb5 Qc7 21. Ra3
Rec8 22. Bd3 Qd8 23. Qb4 h6 24. Rea1 Rc7 25. Nd2 Nh7 26. f4 Qf8 27. Qb1 Qe7 28.
R1a2 Ndf8 29. Qa1 Qb4 30. Nf3 Qe7 31. Ra6 Rb7 32. h4 h5 33. R2a4 Kg8 34. Kf2
Kg7 35. Qa2 Kg8 36. c4 dxc4 37. Be4 Rc8 38. Bxb7 Qxb7 39. Rxc4 Ra8 40. Rc6 Nd7
41. Nd2 Nb8 42. Rcxb6 Qc7 43. Rc6 Nxc6 44. bxc6 Rb8 45. Qa4 Rb6 46. Nc4 Rxa6
47. Qxa6 Kg7 48. Qb7 Qd8 49. c7 Qxd4+ 50. Ne3 g5 51. c8=Q Qd2+ 52. Kf3 g4+ 53.
Ke4 Qe1 54. Qcc7 Qh1+ 55. Kd3 1-0

[Event "España ch Universitario 2007"]
[Site "Cartagena ESP"]
[Date "2007.05.07"]
[Round "2.27"]
[White "Ehsan, Ali"]
[Black "Encinas Encinas, Alvaro"]
[Result "1-0"]
[WhiteElo "2223"]
[BlackElo "2106"]
[PlyCount "49"]
[EventDate "2007.05.06"]
[EventType "swiss"]
[EventRounds "9"]
[EventCountry "ESP"]
[Source "lmi"]
[SourceDate "2007.05.06"]

1. e4 c5 2. Nf3 d6 3. d4 cxd4 4. Nxd4 Nf6 5. Nc3 a6 6. f3 e5 7. Nb3 Be6 8. Be3
Nbd7 9. Qd2 b5 10. g4 Nb6 11. g5 Nfd7 12. Nd5 Nxd5 13. exd5 Bf5 14. Na5 Nb6 15.
O-O-O Rc8 16. Nc6 Qc7 17. Bxb6 Qxb6 18. Bd3 Bd7 19. Be4 g6 20. h4 h5 21. Qd3
Bg7 22. Bxg6 Bxc6 23. Bxf7+ Ke7 24. dxc6 Kxf7 25. Qf5+ 1-0

[Event "España ch Universitario 2007"]
[Site "Cartagena ESP"]
[Date "2007.05.07"]
[Round "2.28"]
[White "Paredes Sanchez, Juan"]
[Black "Roig Aguilar, Alejandro"]
[Result "1-0"]
[WhiteElo "2215"]
[BlackElo "2102"]
[PlyCount "85"]
[EventDate "2007.05.06"]
[EventType "swiss"]
[EventRounds "9"]
[EventCountry "ESP"]
[Source "lmi"]
[SourceDate "2007.05.06"]

1. e4 c5 2. Nf3 Nc6 3. Nc3 e5 4. Bc4 Be7 5. d3 Nf6 6. Ng5 O-O 7. f4 h6 8. Nf3
exf4 9. Bxf4 d6 10. O-O Ng4 11. h3 Nge5 12. Nxe5 Nxe5 13. Bxe5 dxe5 14. Qh5 Bf6
15. Rf3 Be6 16. Kh1 g6 17. Rg3 Bg5 18. Qe2 Bf4 19. Rf3 Qd7 20. Raf1 Kg7 21.
Bxe6 Qxe6 22. Nd5 Rac8 23. b3 Bg5 24. c4 b6 25. Kh2 Rc6 26. g3 h5 27. h4 Bd8
28. Qf2 Rd6 29. a3 a5 30. b4 cxb4 31. axb4 axb4 32. Qb2 g5 33. Ne3 gxh4 34.
Nf5+ Kg6 35. gxh4 Kh7 36. Nxd6 Qxd6 37. Rxf7+ Rxf7 38. Rxf7+ Kg6 39. Rf5 Qxd3
40. Qg2+ Kh6 41. Rf8 Kh7 42. Qg8+ Kh6 43. Qe6+ 1-0

[Event "España ch Universitario 2007"]
[Site "Cartagena ESP"]
[Date "2007.05.07"]
[Round "2.30"]
[White "Cabrero De Cabo, Miguel Angel"]
[Black "Aymerich Rosell, Pablo"]
[Result "1-0"]
[WhiteElo "2102"]
[BlackElo "2208"]
[PlyCount "97"]
[EventDate "2007.05.06"]
[EventType "swiss"]
[EventRounds "9"]
[EventCountry "ESP"]
[Source "lmi"]
[SourceDate "2007.05.06"]

1. e4 e5 2. Nf3 Nc6 3. d4 exd4 4. Bc4 Nf6 5. e5 Ne4 6. Bd5 Nc5 7. Nxd4 Ne6 8.
Nf3 Be7 9. O-O O-O 10. Nc3 d6 11. exd6 Bxd6 12. Ne4 Be7 13. Be3 Nb4 14. Bb3 c6
15. Qxd8 Rxd8 16. Neg5 Nd5 17. Nxe6 Bxe6 18. Bd4 c5 19. Be5 b5 20. c4 bxc4 21.
Bxc4 Bg4 22. Rad1 Nb6 23. Be2 Be6 24. b3 h6 25. Rc1 Rd5 26. Bf4 g5 27. Be3 f5
28. g3 Rf8 29. Bc4 Nxc4 30. bxc4 Rdd8 31. Ne5 Bd6 32. Nd3 Rc8 33. f4 g4 34. Rc2
Rfe8 35. Bf2 Bd7 36. Re1 Rxe1+ 37. Bxe1 Bc6 38. Bf2 Be4 39. Rd2 Bf8 40. Be3 Re8
41. Kf2 Rc8 42. Nc1 Rb8 43. Nb3 Rb4 44. Rd8 Rxc4 45. Bxc5 Rc2+ 46. Ke3 Rxa2 47.
Rxf8+ Kg7 48. Nd4 Ra6 49. Nxf5+ 1-0

[Event "España ch Universitario 2007"]
[Site "Cartagena ESP"]
[Date "2007.05.07"]
[Round "2.31"]
[White "Fernandez Barrera, Victor"]
[Black "Casanellas Ruano, Lluis"]
[Result "1-0"]
[WhiteElo "2202"]
[BlackElo "2091"]
[PlyCount "65"]
[EventDate "2007.05.06"]
[EventType "swiss"]
[EventRounds "9"]
[EventCountry "ESP"]
[Source "lmi"]
[SourceDate "2007.05.06"]

1. e4 c5 2. Nf3 d6 3. d4 cxd4 4. Nxd4 Nf6 5. Nc3 e6 6. Bc4 a6 7. Bb3 Nbd7 8.
O-O Nc5 9. Qe2 Be7 10. f4 Nxb3 11. axb3 O-O 12. Be3 b6 13. Nc6 Qc7 14. Nxe7+
Qxe7 15. Bxb6 Bb7 16. b4 Nd7 17. Bd4 Rac8 18. b5 axb5 19. Nxb5 Ra8 20. Qg4 f5
21. exf5 exf5 22. Qg5 Qxg5 23. fxg5 Be4 24. Nxd6 Rxa1 25. Rxa1 Bxc2 26. Ra7 Rd8
27. Bc3 f4 28. Ba5 Nb6 29. Rc7 Bg6 30. Rc6 Rxd6 31. Rxd6 Nc4 32. Rd8+ Kf7 33.
Bc3 1-0